Teatro dentro y fuera del aula (Record no. 195436)

MARC details
000 -LEADER
campo de control de longitud fija 01168nmm a2200313 i 4500
001 - NÚMERO DE CONTROL
campo de control 195436
003 - IDENTIFICADOR DE NÚMERO DE CONTROL
campo de control RBPG
005 - FECHA Y HORA DE LA ÚLTIMA TRANSACCIÓN
campo de control 20250824052205.0
008 - DATOS DE LONGITUD FIJA--INFORMACIÓN GENERAL
campo de control de longitud fija 240612s2006 sp b spa d
022 ## - NÚMERO INTERNACIONAL NORMALIZADO PARA PUBLICACIONES SERIADAS
Número Internacional Normalizado para Publicaciones Seriadas 0210-0630
035 ## - NÚMERO DE CONTROL DEL SISTEMA
Número de control de sistema BPO 0128466
040 ## - FUENTE DE CATALOGACIÓN
Centro catalogador/agencia de origen BPO
Lengua de catalogación spa
Centro/agencia transcriptor ES-MaACL
080 ## - NÚMERO DE LA CLASIFICACIÓN DECIMAL UNIVERSAL
Número de la Clasificación Decimal Universal 82-2:37.013
245 00 - MENCIÓN DEL TÍTULO
Título Teatro dentro y fuera del aula
Medio [Recurso electrónico].
260 ## - PUBLICACIÓN, DISTRIBUCIÓN, ETC.
Lugar de publicación, distribución, etc. [Barcelona] :
Nombre del editor, distribuidor, etc. Praxis,
Fecha de publicación, distribución, etc. [2006]
300 ## - DESCRIPCIÓN FÍSICA
Extensión 1 disco compacto (CD-ROM) ;
Dimensiones 12 cm.
336 ## - TIPO DE CONTENIDO
Fuente rdacontent
Término de tipo de contenido texto
337 ## - TIPO DE MEDIO
Fuente rdamedia
Nombre/término del tipo de medio sin mediación
338 ## - TIPO DE SOPORTE
Fuente rdacarrier
Nombre/término del tipo de soporte volumen
490 1# - MENCIÓN DE SERIE
Mención de serie Cuadernos de pedagogia
500 ## - NOTA GENERAL
Nota general Distribuido con la revista Cuadernos de Pedagogía.
538 ## - NOTA DE DETALLES DEL SISTEMA
Nota de detalles del sistema Requisitos recomendados : Windoes 9x/NT, Internet Explorer 5.5 ou superior, procesador Pentium, memoria RAM 64 Mb, resolución e configuración de pantalla de 1024x768 a cor verdadeiro
655 #0 - TERMINO DE INDIZACIÓN--GENERO/FORMA
Datos o término principal de género/forma Teatro
9 (RLIN) 234794
830 ## - PUNTO DE ACCESO ADICIONAL DE SERIE-TÍTULO UNIFORME
9 (RLIN) 183997
Título uniforme Cuadernos de pedagogía (CD-ROM)
852 ## - LOCALIZACIÓN
Ubicación ES-MaACL
Ubicación en estantería Rotativo
Número de control de estantería ROT 6/3/11
itemnumber 195436
942 ## - ELEMENTOS DE ENTRADA SECUNDARIOS (KOHA)
Suprimir en OPAC No
Préstamos Koha (prestado), todas las copias 0
Fuente del sistema de clasificación o colocación Clasificación decimal universal
Tipo de ítem Koha Archivo de ordenador en CD-ROM, CD o disquete
Holdings
Estatus retirado Estado de pérdida Fuente del sistema de clasificación o colocación Estado de daño No para préstamo Biblioteca de origen Biblioteca actual Ubicación en estantería Fecha de adquisición Total de préstamos Signatura topográfica completa Código de barras Visto por última vez Precio de reemplazo Tipo de ítem Koha
    Clasificación decimal universal     Biblioteca del Ateneo de Madrid Biblioteca del Ateneo de Madrid Rotativo 12/06/2024   ROT 6/3/11 101228511 12/06/2024 12/06/2024 Archivo de ordenador en CD-ROM, CD o disquete